[Event "Online Olym Div2 B 2021"]
[Site "chess.com INT"]
[Date "2021.09.04"]
[Round "9.3"]
[Board "3"]
[White "Azhar, Puteri Munajjah Az-Zahraa"]
[Black "Gitu, Paula-Alexandra"]
[Result "0-1"]
[WhiteTitle "WIM"]
[BlackTitle "WFM"]
[WhiteElo "2052"]
[BlackElo "2113"]
[WhiteTeam "Malaysia"]
[BlackTeam "Moldova"]
[WhiteFideId "5709040"]
[BlackFideId "13904620"]
[EventDate "2021.09.02"]
[EventType "team"]

1. e4 d6 2. d4 Nf6 3. Nc3 e5 4. Nf3 Nbd7 5. h3 c6 6. a4 Be7 7. dxe5 dxe5 8. Be3
Qc7 9. Bd3 Bb4 10. O-O Bxc3 11. bxc3 O-O 12. Nh4 Rd8 13. Qf3 Nf8 14. Bg5 Qe7 15.
Nf5 Bxf5 16. Qxf5 Ng6 17. Kh1 h6 18. Be3 Nh4 19. g4 Nxf5 20. gxf5 Nh5 21. Rg1
Kh8 22. Rg4 Nf4 23. Bxf4 exf4 24. Rxf4 Qe5 25. Rg4 Qxc3 26. Rag1 c5 27. Rf4 c4
28. Bf1 Qe5 29. Rfg4 Rd2 30. Bxc4 Rxf2 31. R1g2 Rxg2 32. Kxg2 Qc7 33. Bd3 h5 34.
Rh4 g6 35. Kf3 Qe5 36. Bc4 Kg7 37. Rf4 g5 38. f6+ Kg6 39. Rf5 Qc3+ 40. Bd3 Re8
41. Ke2 Re5 42. Rf3 Qd4 43. Rf2 Qxa4 44. Rg2 Kxf6 0-1

[Event "Online Olym Div2 B 2021"]
[Site "chess.com INT"]
[Date "2021.09.04"]
[Round "9.3"]
[Board "4"]
[White "Verbin, Valentina"]
[Black "Azhar, Puteri Rifqah Fahada"]
[Result "1/2-1/2"]
[BlackTitle "WFM"]
[WhiteElo "2039"]
[BlackElo "1939"]
[WhiteTeam "Moldova"]
[BlackTeam "Malaysia"]
[WhiteFideId "13905910"]
[BlackFideId "5702879"]
[EventDate "2021.09.02"]
[EventType "team"]

1. e4 d5 2. exd5 Qxd5 3. Nc3 Qa5 4. d4 c6 5. Nf3 Nf6 6. Bc4 Bf5 7. Bd2 Qc7 8.
Ne5 e6 9. g4 Be4 10. f3 Bd5 11. Bd3 Bd6 12. Qe2 Bxe5 13. dxe5 Ng8 14. Nxd5 cxd5
15. O-O-O Nc6 16. f4 Nge7 17. h4 O-O-O 18. h5 h6 19. Kb1 Kb8 20. Rde1 Rhe8 21.
f5 exf5 22. gxf5 Nc8 23. e6 Ka8 24. Rhg1 fxe6 25. fxe6 Re7 26. Qf2 Nb6 27. Bb5
Rde8 28. Rg6 Qc8 29. Bxc6 Qxc6 30. Bb4 Rxe6 31. Rgxe6 Rxe6 32. Qf8+ Nc8 33. Rxe6
Qxe6 34. Qxg7 Qe2 35. Bd2 Qd1+ 36. Bc1 Qxh5 37. Qxh6 Qxh6 38. Bxh6 b6 39. c3 Kb7
40. Kc2 Kc6 41. Bf4 Ne7 42. Kd3 a6 43. a4 Nf5 44. c4 dxc4+ 45. Kxc4 b5+ 46.
axb5+ axb5+ 47. Kd3 Kd5 48. Bd2 Nd6 49. Kc2 Kc4 50. Bh6 Nf5 51. b3+ Kd5 52. Bg5
Nd4+ 53. Kc3 Nc6 54. Bh6 b4+ 55. Kb2 Kd4 56. Bf8 Kd3 57. Bxb4 Nxb4 58. Ka3 Nc6
59. Ka4 Kc3 60. b4 Nxb4 1/2-1/2

[Event "Online Olym Div2 B 2021"]
[Site "chess.com INT"]
[Date "2021.09.04"]
[Round "9.3"]
[Board "5"]
[White "Chan, Kim Yew"]
[Black "Lashkin, Jegor"]
[Result "0-1"]
[WhiteTitle "FM"]
[BlackTitle "FM"]
[WhiteElo "2303"]
[BlackElo "2386"]
[WhiteTeam "Malaysia"]
[BlackTeam "Moldova"]
[WhiteFideId "5717981"]
[BlackFideId "13907808"]
[EventDate "2021.09.02"]
[EventType "team"]

1. d4 Nf6 2. Bg5 e6 3. e4 h6 4. Bxf6 Qxf6 5. c3 c5 6. Nf3 cxd4 7. cxd4 Bb4+ 8.
Nc3 O-O 9. Bd3 d6 10. O-O Nc6 11. Qb3 Ba5 12. Nb5 Bb6 13. Rad1 e5 14. d5 Ne7 15.
Nd2 Bg4 16. Rde1 a6 17. Nc3 Bd4 18. Be2 Bxe2 19. Nxe2 Bc5 20. a4 b5 21. axb5
axb5 22. Nc3 Rfb8 23. Qd1 Bd4 24. Nf3 Bxc3 25. bxc3 Ng6 26. g3 Rc8 27. Re3 Rc5
28. Qe2 Rac8 29. Rb1 Rxc3 30. Rxb5 Rc1+ 31. Kg2 Nf4+ 32. gxf4 exf4 33. Reb3 Qg6+
34. Kh3 Qh5+ 35. Kg2 Qg4# 0-1

[Event "Online Olym Div2 B 2021"]
[Site "chess.com INT"]
[Date "2021.09.04"]
[Round "9.3"]
[Board "6"]
[White "Mihailova, Alina"]
[Black "Chua, Jia-Tien"]
[Result "1-0"]
[BlackTitle "WCM"]
[WhiteElo "1884"]
[BlackElo "1822"]
[WhiteTeam "Moldova"]
[BlackTeam "Malaysia"]
[WhiteFideId "13907018"]
[BlackFideId "5710006"]
[EventDate "2021.09.02"]
[EventType "team"]

1. d4 d5 2. c4 c6 3. Nf3 Nf6 4. g3 Bf5 5. Nc3 e6 6. Nh4 Bg4 7. Qb3 Qc8 8. h3 Bh5
9. g4 Bg6 10. Nxg6 hxg6 11. Bg2 Nbd7 12. cxd5 exd5 13. Bf4 a5 14. Rc1 Bb4 15.
O-O Bxc3 16. bxc3 O-O 17. a4 Re8 18. Rc2 Ra6 19. Rb1 Rb6 20. Qa2 Qd8 21. Rcb2
Rxb2 22. Qxb2 b6 23. c4 Ne4 24. cxd5 cxd5 25. Rc1 Qh4 26. e3 g5 27. Bh2 Re6 28.
Rc8+ Kh7 29. Qc2 f5 30. gxf5 Rf6 31. Re8 Rxf5 32. Rxe4 dxe4 33. Bxe4 g6 34. Bxf5
gxf5 35. Qxf5+ Kg8 36. Qxd7 Qe4 37. Qc8+ Kf7 38. Qg4 Qb1+ 39. Kg2 Qb4 40. Qf5+
Ke8 41. Qe5+ Kf7 42. Qxg5 Qxa4 43. Qd5+ Ke8 44. Qe6+ Kd8 45. Bd6 Qc6+ 46. d5 Qd7
47. Qg8+ Qe8 48. Qxe8+ Kxe8 49. h4 b5 50. Kf3 b4 51. Ke2 b3 52. Ba3 1-0

[Event "Online Olym Div2 B 2021"]
[Site "chess.com INT"]
[Date "2021.09.04"]
[Round "9.4"]
[Board "1"]
[White "Moroni, Luca Jr"]
[Black "Meshkovs, Nikita"]
[Result "1-0"]
[WhiteTitle "GM"]
[BlackTitle "GM"]
[WhiteElo "2566"]
[BlackElo "2550"]
[WhiteTeam "Italy"]
[BlackTeam "Latvia"]
[WhiteFideId "865834"]
[BlackFideId "11602740"]
[EventDate "2021.09.02"]
[EventType "team"]

1. d4 d5 2. Nf3 Nf6 3. Bf4 e6 4. e3 c5 5. c3 Bd6 6. Bg3 Qc7 7. Nbd2 Nbd7 8. Bd3
e5 9. dxe5 Nxe5 10. Nxe5 Bxe5 11. c4 Be6 12. cxd5 Bxd5 13. Qa4+ Ke7 14. O-O Bxg3
15. hxg3 Rhd8 16. Qc2 Rac8 17. Rfd1 Qc6 18. e4 Be6 19. e5 Ng4 20. Nf3 h6 21. Bf5
b6 22. Bxe6 Qxe6 23. Rd6 Rxd6 24. exd6+ Kf8 25. Re1 Qd7 26. Qc4 Rd8 27. Re4 Nf6
28. Re7 Qxe7 29. dxe7+ Kxe7 30. g4 g5 31. Kh2 Rd6 32. g3 Re6 33. Kg2 Kf8 34. Nd2
Kg7 35. Nf1 Re4 36. Qc3 Rxg4 37. Ne3 Re4 38. f3 Re6 39. Nd5 Kg6 40. Nxf6 Rxf6
41. Qd3+ Kg7 42. Qa6 Re6 43. Kf2 Re7 44. Qc8 Re6 45. Qd7 a6 46. f4 gxf4 47. gxf4
Kg6 48. Qd3+ Kg7 49. Qxa6 Kf6 50. Kf3 Kg7 51. a4 h5 52. a5 bxa5 53. Qxa5 Rc6 54.
Qb5 Rc8 55. Qb7 Rd8 56. Qc6 Rd3+ 57. Ke4 Rd4+ 58. Kf5 Rc4 59. Qf6+ Kf8 60. Qd8+
Kg7 61. Qg5+ Kf8 62. Kf6 1-0

[Event "Online Olym Div2 B 2021"]
[Site "chess.com INT"]
[Date "2021.09.04"]
[Round "9.4"]
[Board "2"]
[White "Mustaps, Matiss"]
[Black "Lodici, Lorenzo"]
[Result "1-0"]
[WhiteTitle "FM"]
[BlackTitle "IM"]
[WhiteElo "2356"]
[BlackElo "2507"]
[WhiteTeam "Latvia"]
[BlackTeam "Italy"]
[WhiteFideId "11602295"]
[BlackFideId "884189"]
[EventDate "2021.09.02"]
[EventType "team"]

1. e4 e5 2. Nf3 Nc6 3. Bb5 a6 4. Ba4 Nf6 5. d3 d6 6. c3 g6 7. O-O Bg7 8. Re1 O-O
9. Bxc6 bxc6 10. d4 Nd7 11. dxe5 Nxe5 12. Nxe5 Bxe5 13. Nd2 Re8 14. Nf3 Bg7 15.
Bg5 Qd7 16. Qd2 c5 17. Bh6 Bh8 18. Ng5 Bb7 19. f3 a5 20. Nh3 a4 21. Rad1 Rab8
22. Nf2 Ba6 23. Ng4 Bc4 24. Bg5 Qe6 25. a3 h5 26. Ne3 Bb3 27. Nd5 Bxd5 28. exd5
Qf5 29. Bh4 Bg7 30. Re2 c4 31. Bf2 Kh7 32. Kf1 Bh6 33. Qc2 Rxe2 34. Qxe2 Rb5 35.
Qe4 Rxb2 36. Qxf5 gxf5 37. Rd4 Rb3 38. Rxc4 Rxa3 39. Rxc7 Kg7 40. Bd4+ Kg6 41.
Rc6 Bf4 42. g3 Ra1+ 43. Ke2 Ra2+ 44. Kd3 Bc1 45. Rxd6+ Kh7 46. Ra6 a3 47. d6 Bg5
48. d7 Rd2+ 49. Kc4 a2 50. h4 Bd8 51. Kb3 f4 52. gxf4 Bxh4 53. f5 Bd8 54. Ra8 f6
55. Rxa2 Rxa2 56. Kxa2 Kg7 57. Kb3 Kf7 58. Kc4 Ke7 59. Kd5 Kxd7 60. Bf2 Bc7 61.
Bh4 Be5 62. c4 Kc7 63. c5 Kd7 64. c6+ Kc7 65. Be1 Kb6 66. Bf2+ Kc7 67. Bh4 Kb6
68. f4 Bxf4 69. Bxf6 Bg3 70. Bd8+ Kb5 71. c7 Bxc7 72. Bxc7 h4 73. f6 h3 74. f7
h2 75. Bxh2 1-0

[Event "Online Olym Div2 B 2021"]
[Site "chess.com INT"]
[Date "2021.09.04"]
[Round "9.4"]
[Board "3"]
[White "Brunello, Marina"]
[Black "Rogule, Laura"]
[Result "0-1"]
[WhiteTitle "IM"]
[BlackTitle "WGM"]
[WhiteElo "2354"]
[BlackElo "2286"]
[WhiteTeam "Italy"]
[BlackTeam "Latvia"]
[WhiteFideId "822590"]
[BlackFideId "11601876"]
[EventDate "2021.09.02"]
[EventType "team"]

1. e4 c5 2. Nf3 d6 3. d4 cxd4 4. Nxd4 Nf6 5. Nc3 a6 6. Be3 Ng4 7. Bg5 h6 8. Bc1
Nf6 9. Bc4 e6 10. Bb3 Be7 11. Be3 Nc6 12. f4 Nxd4 13. Bxd4 b5 14. e5 dxe5 15.
fxe5 Nh7 16. Qg4 O-O 17. O-O-O Qc7 18. h4 Bb7 19. Be3 Kh8 20. Rh3 Rad8 21. Rg3
Qxe5 22. Bd4 Rxd4 23. Rxd4 f5 24. Qf4 Qxf4+ 25. Rxf4 Bd6 26. Ne2 g5 27. hxg5
hxg5 28. Rf2 Bxg3 29. Nxg3 f4 30. Nh5 Nf6 31. Nxf6 Rxf6 32. c4 bxc4 33. Bxc4 e5
34. Rd2 Bc6 35. b4 e4 36. Kd1 e3 37. Rd8+ Kg7 38. Rg8+ Kh6 39. Rh8+ Kg6 40. Bd3+
Kf7 41. Rh7+ Ke6 42. Bf1 g4 43. Ke1 f3 44. gxf3 gxf3 45. Bxa6 f2+ 46. Kf1 Rg6
47. Bc4+ Bd5 48. Bxd5+ Kxd5 49. Rf7 Rg1+ 50. Ke2 Re1+ 51. Kd3 f1=Q+ 52. Rxf1
Rxf1 0-1

[Event "Online Olym Div2 B 2021"]
[Site "chess.com INT"]
[Date "2021.09.04"]
[Round "9.4"]
[Board "4"]
[White "Vidruska, Renate"]
[Black "Movileanu, Daniela"]
[Result "0-1"]
[WhiteTitle "WFM"]
[BlackTitle "WIM"]
[WhiteElo "2000"]
[BlackElo "2239"]
[WhiteTeam "Latvia"]
[BlackTeam "Italy"]
[WhiteFideId "11601841"]
[BlackFideId "873349"]
[EventDate "2021.09.02"]
[EventType "team"]

1. e4 c5 2. Nf3 d6 3. d4 cxd4 4. Nxd4 Nf6 5. Nc3 a6 6. g3 e5 7. Nde2 Be7 8. Bg2
O-O 9. O-O Be6 10. h3 Nbd7 11. g4 Rc8 12. Ng3 Nb6 13. Re1 Qc7 14. f4 exf4 15.
Bxf4 Nfd7 16. Nd5 Bxd5 17. exd5 Bf6 18. c3 Rfe8 19. Nf5 Be5 20. Qf3 Nc4 21. Rab1
Nc5 22. b3 Bxf4 23. Rxe8+ Rxe8 24. Qxf4 Ne5 25. c4 b5 26. cxb5 axb5 27. Qd4 g6
28. Ng3 Qe7 29. Rf1 Ned3 30. b4 Qh4 31. Kh2 Nxb4 32. Qxb4 Nd3 33. Qxb5 Re3 34.
Qb8+ Kg7 35. Qxd6 Ne5 36. Nf5+ gxf5 37. Rxf5 Qg3+ 38. Kg1 Re1+ 39. Rf1 Nf3+ 40.
Kh1 Rxf1+ 41. Bxf1 Qg1# 0-1

[Event "Online Olym Div2 B 2021"]
[Site "chess.com INT"]
[Date "2021.09.04"]
[Round "9.4"]
[Board "5"]
[White "Di Benedetto, Edoardo"]
[Black "Golubovskis, Maksims"]
[Result "1-0"]
[WhiteTitle "IM"]
[BlackTitle "FM"]
[WhiteElo "2412"]
[BlackElo "2210"]
[WhiteTeam "Italy"]
[BlackTeam "Latvia"]
[WhiteFideId "875740"]
[BlackFideId "11608528"]
[EventDate "2021.09.02"]
[EventType "team"]

1. d4 Nf6 2. c4 c5 3. d5 b5 4. cxb5 a6 5. e3 axb5 6. Bxb5 Qa5+ 7. Nc3 Bb7 8. Bd2
Qb6 9. Nf3 Nxd5 10. Nxd5 Bxd5 11. a4 e6 12. O-O Be7 13. Bc3 O-O 14. Nd2 Qb7 15.
Qg4 f6 16. h4 e5 17. e4 Be6 18. Bc4 Qc6 19. a5 f5 20. exf5 Bxc4 21. Bxe5 Bf6 22.
Bxf6 Qxf6 23. Qxc4+ Kh8 24. Qxc5 Na6 25. Qd5 Qxh4 26. Nf3 Qb4 27. Ne5 Qb5 28.
Qxb5 1-0

[Event "Online Olym Div2 B 2021"]
[Site "chess.com INT"]
[Date "2021.09.04"]
[Round "9.4"]
[Board "6"]
[White "Golsta, Madara"]
[Black "Grimaldi, Angela Flavia"]
[Result "1-0"]
[BlackTitle "WFM"]
[WhiteElo "1967"]
[BlackElo "2078"]
[WhiteTeam "Latvia"]
[BlackTeam "Italy"]
[WhiteFideId "11607386"]
[BlackFideId "2805214"]
[EventDate "2021.09.02"]
[EventType "team"]

1. d4 d5 2. c4 e6 3. Nc3 Nf6 4. cxd5 exd5 5. Bg5 c6 6. e3 Be7 7. Bd3 Nbd7 8. Qc2
h6 9. Bh4 Nh5 10. Bxe7 Qxe7 11. Nge2 Nhf6 12. O-O O-O 13. Rae1 Re8 14. Ng3 Nf8
15. f3 Qd6 16. a3 Be6 17. Na4 Rac8 18. b4 N8d7 19. Qb2 b5 20. Nc5 Nb6 21. Re2
Nc4 22. Bxc4 dxc4 23. e4 Nd7 24. Nxd7 Qxd7 25. Qc3 Red8 26. Rd2 Ra8 27. Nh5 a5
28. d5 f6 29. Rfd1 cxd5 30. exd5 Bf5 31. Re1 axb4 32. axb4 Bd3 33. g4 Qxd5 34.
Re7 Rd7 35. Rxg7+ Kh8 36. Rxd7 Qxd7 37. Qxf6+ Kh7 38. Qe5 Qf7 39. Rxd3 Qa7+ 40.
Re3 1-0

[Event "Online Olym Div2 B 2021"]
[Site "chess.com INT"]
[Date "2021.09.04"]
[Round "9.5"]
[Board "1"]
[White "Sirosh, Ilja"]
[Black "Salih, Akar Ali Salih"]
[Result "0-1"]
[WhiteTitle "IM"]
[BlackTitle "FM"]
[WhiteElo "2400"]
[BlackElo "2270"]
[WhiteTeam "Estonia"]
[BlackTeam "Iraq"]
[WhiteFideId "4500458"]
[BlackFideId "4800575"]
[EventDate "2021.09.02"]
[EventType "team"]

1. e4 c5 2. Nf3 d6 3. d4 cxd4 4. Nxd4 Nf6 5. Nc3 Nc6 6. Bg5 e6 7. Qd3 a6 8. Nxc6
bxc6 9. O-O-O Be7 10. Bxf6 gxf6 11. f4 Qb6 12. Kb1 Rb8 13. b3 O-O 14. Qg3+ Kh8
15. Qh4 Qb4 16. Rd3 Rg8 17. Rh3 Rg7 18. Rg3 d5 19. exd5 cxd5 20. Bd3 f5 21. Qh6
Qxc3 22. Bxa6 Qf6 23. Qxf6 Bxf6 24. Rxg7 Kxg7 25. Bd3 Bc3 26. a4 d4 27. g3 Bb7
28. Rd1 Bf3 29. Rf1 Be4 30. Bc4 Kf6 31. Kc1 h5 32. h4 Rd8 33. Kd1 d3 34. cxd3
Bxd3 35. Bxd3 Rxd3+ 36. Kc2 Rxg3 37. Rd1 Ba5 38. Rd7 Rc3+ 39. Kb2 Rf3 40. Ra7
Bb6 41. Rb7 Bd4+ 42. Ka3 Bc5+ 43. Kb2 Rxf4 44. a5 Rxh4 45. a6 Rh2+ 46. Kc3 Ra2
47. Kc4 Be3 48. Kb5 f4 0-1

[Event "Online Olym Div2 B 2021"]
[Site "chess.com INT"]
[Date "2021.09.04"]
[Round "9.5"]
[Board "2"]
[White "Al-Ali, Hussein Ali Hussein"]
[Black "Vorobjov, Pavel"]
[Result "0-1"]
[WhiteTitle "IM"]
[WhiteElo "2277"]
[BlackElo "2293"]
[WhiteTeam "Iraq"]
[BlackTeam "Estonia"]
[WhiteFideId "4800192"]
[BlackFideId "4500989"]
[EventDate "2021.09.02"]
[EventType "team"]

1. e4 c5 2. Nf3 Nc6 3. Bb5 e6 4. Bxc6 bxc6 5. e5 f6 6. d3 Ne7 7. Nc3 Ng6 8. Qe2
Qc7 9. exf6 gxf6 10. h4 h5 11. g3 d5 12. Bd2 e5 13. Nh2 Bd7 14. O-O-O O-O-O 15.
Kb1 Bd6 16. Qf3 f5 17. Bg5 Rdf8 18. Rhg1 Be6 19. Rde1 Qa5 20. Nd1 Kc7 21. Qe2 d4
22. c4 f4 23. gxf4 Nxf4 24. Bxf4 Rxf4 25. Rg7+ Kc8 26. Reg1 Bf5 27. f3 Rxh4 28.
Nf1 Kb8 29. Ng3 Bh7 30. Rxh7 Rxh7 31. Nf5 Qd8 32. Nxh4 Qxh4 33. Qg2 Qe7 34. Nf2
h4 35. Nh3 Kb7 36. Qg4 Bc7 37. a3 Rf7 38. Ka2 Qf6 39. Ng5 Rg7 40. Qh5 Qf5 41.
Qh6 Rg6 42. Qxh4 Qxd3 43. Rc1 Qe3 0-1

[Event "Online Olym Div2 B 2021"]
[Site "chess.com INT"]
[Date "2021.09.04"]
[Round "9.5"]
[Board "3"]
[White "Sinitsina, Anastassia"]
[Black "A-Ali, Sali Abbas Abdulzahra"]
[Result "1-0"]
[WhiteTitle "WFM"]
[BlackTitle "WFM"]
[WhiteElo "2115"]
[BlackElo "1919"]
[WhiteTeam "Estonia"]
[BlackTeam "Iraq"]
[WhiteFideId "4504640"]
[BlackFideId "4804929"]
[EventDate "2021.09.02"]
[EventType "team"]

1. Nf3 Nf6 2. g3 g6 3. Bg2 Bg7 4. O-O O-O 5. d4 d5 6. c4 e6 7. Nc3 b6 8. Bf4 Bb7
9. Rc1 Nbd7 10. Ne5 Nh5 11. cxd5 Nxf4 12. gxf4 exd5 13. Nxd5 Nxe5 14. dxe5 Bxd5
15. Qxd5 Qxd5 16. Bxd5 Rad8 17. Rfd1 c5 18. b3 h5 19. Kg2 Bh6 20. e3 g5 21. fxg5
Bxg5 22. f4 Be7 23. Kf3 Kh8 24. Bc4 Kg7 25. Rg1+ Kh6 26. Rcd1 Rxd1 27. Rxd1 Rd8
28. Rxd8 Bxd8 29. Bxf7 h4 30. Ke4 Kg7 31. Be6 Kf8 32. f5 Ke7 33. Kd5 a5 34. f6+
Kf8 35. Kd6 h3 36. Kd7 Bxf6 37. exf6 a4 38. bxa4 c4 39. Bxc4 b5 40. Bxb5 Kf7 41.
a5 Kxf6 42. a6 Ke5 43. a7 Ke4 44. a8=Q+ Kxe3 45. Qa3+ Kf2 46. Qxh3 Kg1 47. Qf1+
Kxh2 48. a4 Kg3 49. a5 Kh4 50. a6 1-0

[Event "Online Olym Div2 B 2021"]
[Site "chess.com INT"]
[Date "2021.09.04"]
[Round "9.5"]
[Board "4"]
[White "Al-Fayyadh, Zainab Asif Abdulah"]
[Black "Viikmaa, Karmen"]
[Result "0-1"]
[WhiteElo "1658"]
[BlackElo "1720"]
[WhiteTeam "Iraq"]
[BlackTeam "Estonia"]
[WhiteFideId "4806476"]
[BlackFideId "4502620"]
[EventDate "2021.09.02"]
[EventType "team"]

1. e4 c5 2. Nc3 Nc6 3. f4 g6 4. Bb5 Bg7 5. Nf3 e6 6. Bxc6 bxc6 7. O-O d5 8. Qe1
Ne7 9. d3 O-O 10. Kh1 Ba6 11. Ne2 Rb8 12. Ng3 Bxb2 13. Bxb2 Rxb2 14. Qc3 Qb6 15.
Qf6 Qb7 16. h4 h5 17. f5 exf5 18. exf5 Rxc2 19. Nxh5 Nxf5 20. g4 Qb2 21. gxf5
Bxd3 22. Rg1 Be4 23. Qxb2 Bxf3+ 24. Rg2 Bxg2+ 25. Kh2 Rxb2 26. Nf4 Be4+ 27. Kg3
Bxf5 0-1

[Event "Online Olym Div2 B 2021"]
[Site "chess.com INT"]
[Date "2021.09.04"]
[Round "9.5"]
[Board "5"]
[White "Rychagov, Nikita"]
[Black "Zaid Alaa Chaseb"]
[Result "1-0"]
[BlackTitle "CM"]
[WhiteElo "1985"]
[BlackElo "1814"]
[WhiteTeam "Estonia"]
[BlackTeam "Iraq"]
[WhiteFideId "4508394"]
[BlackFideId "4811623"]
[EventDate "2021.09.02"]
[EventType "team"]

1. e4 c6 2. d4 d5 3. e5 Bf5 4. Nf3 e6 5. Be2 Nd7 6. O-O c5 7. Be3 Qb6 8. Nc3
Qxb2 9. Nb5 Kd8 10. Ng5 Nh6 11. c4 a6 12. Nd6 Bxd6 13. exd6 f6 14. g4 fxg5 15.
gxf5 Nxf5 16. Bxg5+ Nf6 17. dxc5 Qe5 18. Qd2 Kd7 19. Rab1 Rab8 20. Qa5 b6 21.
Qxa6 Qxe2 22. Qa7+ Ke8 23. Qxb8+ Kf7 24. Qb7+ Kg6 25. Rb3 Kxg5 26. Rg3+ Kf4 27.
cxd5 exd5 28. d7 Nxg3 29. Qc7+ 1-0

[Event "Online Olym Div2 B 2021"]
[Site "chess.com INT"]
[Date "2021.09.04"]
[Round "9.5"]
[Board "6"]
[White "Sara Masood Abdullah"]
[Black "Blokhin, Sofia"]
[Result "0-1"]
[WhiteElo "1683"]
[BlackElo "2022"]
[WhiteTeam "Iraq"]
[BlackTeam "Estonia"]
[WhiteFideId "4809610"]
[BlackFideId "4508190"]
[EventDate "2021.09.02"]
[EventType "team"]

1. d4 f5 2. c4 e6 3. Nf3 Nf6 4. Nc3 Bb4 5. a3 Bxc3+ 6. bxc3 Ne4 7. Qc2 O-O 8. e3
b6 9. Bd3 Bb7 10. O-O d6 11. Ne1 Nd7 12. f3 Nef6 13. e4 g6 14. Bg5 Qe8 15. Ra2
Nh5 16. exf5 gxf5 17. g4 Ng7 18. Qb1 Qg6 19. h4 h6 20. Be7 Rfe8 21. Rg2 Rxe7 22.
gxf5 Qf7 23. fxe6 Qxe6 24. Bf5 Qe3+ 25. Kh1 Kh8 26. Rg6 Nf8 27. Rg3 Qf4 28. Rfg1
Qxf5 29. Qxf5 Nxf5 30. Rg8+ Kh7 31. Kh2 Ng7 0-1